Quarter Life Crisis / (Record no. 167470)
[ view plain ]
| 000 -LEADER | |
|---|---|
| fixed length control field | 00560nam a22001937a 4500 |
| 005 - DATE AND TIME OF LATEST TRANSACTION | |
| control field | 20190904145523.0 |
| 010 ## - LCCN (DPL NO) | |
| LC control number | ENG-126413 |
| 020 ## - INTERNATIONAL STANDARD BOOK NUMBER | |
| Terms of availability | 225.00 |
| International Standard Book Number | 9788193324820 |
| 035 ## - SYSTEM CONTROL NUMBER | |
| System control number | EN-109945 |
| 037 ## - SOURCE OF ACQUISITION | |
| Source of stock number/acquisition | DBAD/PUB |
| 082 ## - DEWEY DECIMAL CLASSIFICATION NUMBER | |
| Classification number | N |
| 100 ## - MAIN ENTRY--PERSONAL NAME | |
| Personal name | Attri, Anshuk |
| 245 ## - TITLE STATEMENT | |
| Title | Quarter Life Crisis / |
| Statement of responsibility, etc | by Anshuk Attri |
| 260 ## - PUBLICATION, DISTRIBUTION, ETC. (IMPRINT) | |
| Place of publication, distribution, etc | Noida |
| Name of publisher, distributor, etc | Maple Press Private Limited |
| Date of publication, distribution, etc | 2017 |
| 270 ## - ADDRESS | |
| City | Noida |
| Address | A-63,sector 58, Noida |
| Postal code | 201301 |
| Telephone number | +911204553581 |
| -- | 4553583 |
| Electronic mail address | info@maplepress.co.in |
| 300 ## - PHYSICAL DESCRIPTION | |
| Extent | 300p. |
| Dimensions | 22cm(pb) |
| 650 ## - SUBJECT ADDED ENTRY--TOPICAL TERM | |
| Topical term or geographic name as entry element | English Novel |
| 942 ## - ADDED ENTRY ELEMENTS (KOHA) | |
| Source of classification or shelving scheme | Dewey Decimal Classification |
| Item type | English Books |
| Classification part | N |
| Call number suffix | ATT |
| Withdrawn status | Lost status | Not for loan | Collection code | Home library | Current library | Date acquired | Source of acquisition | Cost, normal purchase price | Full call number | Barcode | Copy number | Cost, replacement price | Koha item type |
|---|---|---|---|---|---|---|---|---|---|---|---|---|---|
| Fiction | D.B.Act.Division | Mobile Library | 04/09/2019 | DBAD/PUB | 225.00 | N ATT | EN-109945 | 1 | 225.00 | English Books |
